[Event "HUN-chT2 Szechenyi 1617"]
[Site "Hungary"]
[Date "2016.10.09"]
[Round "2.9"]
[White "Soos, David"]
[Black "Abraham, Andras"]
[Result "1-0"]
[WhiteElo "1701"]
[BlackElo "1644"]
[PlyCount "41"]
[EventDate "2016.09.25"]
[EventType "team-tourn"]
[EventRounds "11"]
[EventCountry "HUN"]
[SourceTitle "EXT 2021"]
[Source "ChessBase"]
[SourceDate "2020.10.23"]
[SourceVersion "1"]
[SourceVersionDate "2020.10.23"]
[SourceQuality "1"]
[WhiteTeam "Ajka ASSE"]
[BlackTeam "Papa"]
[WhiteTeamCountry "HUN"]
[BlackTeamCountry "HUN"]

1. d4 e6 2. Nf3 d5 3. g3 c5 4. Bg2 Nc6 5. 0-0 Nf6 6. c4 b6 7. Nc3 Bb7 8. Bg5 h6 9. Bxf6 Qxf6 10. cxd5 Nxd4 11. Qa4+ Kd8 12. dxe6 Bc6 13. Qd1 Kc7 14. Nxd4 Qxd4 15. Nb5+ Bxb5 16. Qxd4 cxd4 17. Bxa8 Bc5 18. Bf3 fxe6 19. Rac1 Kd6 20. Rfd1 Rf8 21. b4 1-0

[Event "HUN-chT2 Szechenyi 1415"]
[Site "Hungary"]
[Date "2015.04.26"]
[Round "11.11"]
[White "Szakasics, Emese"]
[Black "Abraham, Andras"]
[Result "1-0"]
[WhiteElo "1679"]
[BlackElo "1610"]
[PlyCount "79"]
[EventDate "2014.09.07"]
[EventType "team-tourn"]
[EventRounds "11"]
[EventCountry "HUN"]
[SourceTitle "EXT 2016"]
[Source "ChessBase"]
[SourceDate "2015.10.08"]
[SourceVersion "1"]
[SourceVersionDate "2015.10.08"]
[SourceQuality "1"]
[WhiteTeam "HVSE Infraplan"]
[BlackTeam "Papa"]
[WhiteTeamCountry "HUN"]
[BlackTeamCountry "HUN"]

1. e4 e5 2. Nf3 Nc6 3. Bc4 Nf6 4. d3 Bc5 5. c3 0-0 6. Nbd2 d5 7. exd5 Nxd5 8. Ne4 Bb6 9. 0-0 h6 10. Bxh6 Nxc3 11. bxc3 gxh6 12. Bd5 Bd7 13. h3 Kh8 14. Nfg5 hxg5 15. Qh5+ Kg7 16. Nxg5 Bf5 17. Be4 Qd7 18. Qf3 Bxe4 19. Qxe4 f5 20. Qc4 Rf6 21. Rae1 Rd8 22. d4 Qd5 23. Qe2 Nxd4 24. cxd4 Bxd4 25. Rd1 Rg6 26. Nf3 c5 27. Nh4 Rg5 28. Nf3 Rg6 29. Nh4 Rg5 30. Nf3 Rg3 31. Rxd4 Rxg2+ 32. Kxg2 exd4 33. Qe7+ Kh8 34. Qf6+ Kh7 35. Qh4+ Kg7 36. Re1 Rg8 37. Kh2 Qd6+ 38. Ne5 Re8 39. Rg1+ Kf8 40. f4 1-0

[Event "Level op-A 3rd"]
[Site "Level"]
[Date "2015.03.27"]
[Round "1"]
[White "Horvath, Gabor"]
[Black "Abraham, Andras"]
[Result "1/2-1/2"]
[WhiteElo "2029"]
[BlackElo "1695"]
[PlyCount "48"]
[EventDate "2015.03.27"]
[EventType "swiss"]
[EventRounds "7"]
[EventCountry "HUN"]
[SourceTitle "EXT 2020"]
[Source "ChessBase"]
[SourceDate "2019.10.17"]
[SourceVersion "1"]
[SourceVersionDate "2019.10.17"]
[SourceQuality "1"]

1. d4 d5 2. c4 e6 3. Nc3 Nf6 4. Bg5 Nbd7 5. Nf3 Be7 6. Rc1 c6 7. e3 Ne4 8. Bxe7 Qxe7 9. Bd3 f5 10. 0-0 0-0 11. Qe2 e5 12. dxe5 Nxe5 13. Nxe5 Qxe5 14. cxd5 Nxc3 15. Rxc3 cxd5 16. Rfc1 Bd7 17. Bb5 Be6 18. Qd2 d4 19. Rc5 dxe3 20. fxe3 Qf6 21. Bc4 Rad8 22. Qc2 Bxc4 23. Rxc4 Qe6 24. Qc3 Rfe8 1/2-1/2